000 01419cam a22002895a 4500
001 L159507
008 170725s2017 xxk f 000 0 eng d
035 _a(Sirsi) u159507
041 0 _aeng
110 2 _aRoyal Institution of Chartered Surveyors
_94900
245 0 4 _aThe impact of emerging technologies on the surveying profession
_h[electronic resource]
260 _aLondon
_bRICS
_c2017
300 _a21p.
490 0 _aRICS Insight
490 0 _aRICS Research
520 _aIdentifies the level of impact that recent technological changes can be expected to have on specific roles carried out by surveyors. It contrasts this with the results of an exclusive survey of professionals conducted in 2016, which examined the opinions of people employed in different parts of the property industry on how they felt that roles within the industry would be affected. Together, these insights provide a fascinating viewpoint on how traditional surveying roles may change in the coming years.
590 _aNTK
650 2 4 _aTECHNOLOGICAL REVOLUTION
650 2 4 _aDISRUPTIVE TECHONOLOGY
650 2 4 _aIT
650 2 4 _aSURVEYING PROFESSION
651 _aUnited Kingdom
700 1 _aThompson, Bob
700 1 _aWaller, Andrew
856 4 0 _uhttps://www.rics.org/news-insights/research-and-insights/the-impact-of-emerging-technologies-on-the-surveying-profession
_zView free at RICS.org
942 _n0
_2ddc
999 _c115966
_d115966